000 00740nam a2200229 a 4500
001 64137
003 BD-RjUL
005 20211209081256.0
008 170209s1979 bg ||||| |||| 00| f ben d
020 _c: Tk. 1979
035 _a(BD-RjUL)64267
040 _aBD-RjUL
_bben
_cBD-RjUL
_dBD-RjUL
041 _aben
082 _223
_a891.443
_bDUS 1979
100 _aদত্ত, রমেন
_9170412
245 1 0 _aশ্বেতপদ্মের রূপ /
_cরমেন দত্ত
260 _aঢাকা :
_bমুক্তধারা,
_c১৯৭৯
300 _a১২৩ পৃ. ;
_c২৩ সেমি.
650 _aবাংলা উপন্যাস
_9170454
650 _aBengali Fiction
_9170455
942 _2ddc
_cBK
999 _c64137
_d64137